A-Z Wikipedia Famous Person Quiz - Italiano - Statistics

Statistiche generali
  • Questo quiz è stato fatto 257 volte
  • Il punteggio medio è 16 su 26
Statistiche sulle risposte
A-Z Clue / Indizio Who? Chi? % Corretto
E sovrana del Regno Unito dal 1952 (1926-) Elisabetta II
95%
B giornalista, politico e dittatore italiano (1883-1945) Benito Mussolini
92%
C calciatore portoghese (1985-) Cristiano Ronaldo
92%
D poeta, scrittore e politico italiano, considerato il padre della lingua italiana (1265-1321) Dante Alighieri
92%
U ex velocista giamaicano (1986-) Usain Bolt
86%
G condottiero e patriota italiano durante il Risorgimento (1807-1882) Giuseppe Garibaldi
84%
R dirigente sportivo ed ex calciatore brasiliano (1976-) Ronaldo
78%
S politico e imprenditore italiano (1936-) Silvio Berlusconi
75%
P dirigente sportivo ed ex calciatore brasiliano (1940-) Pelé
73%
Z calciatore svedese (1981-) Zlatan Ibrahimović
72%
Q regista, sceneggiatore, attore e produttore cinematografico statiunitense (1963-) Quentin Tarantino
71%
O fondatore di Al-Qaida (1957-2011) Osama bin Laden
67%
M ex pilota automobilistico tedesco (1969-) Michael Schumacher
66%
N tennista serbo (1987-) Novak Đoković
64%
T rapper, attivista e attore statiunitense (1971-1996) Tupac Shakur
52%
V cantautore italiano (1952-) Vasco Rossi
52%
I segretario generale del Partito Comunista dell’Unione Sovietica (1878-1953) Iosif Stalin
51%
J cantante, attrice, ballerina, imprenditrice, showgirl, produttrice discografica e produttrice cinematografica statunitense (1969-) Jennifer Lopez
51%
W politico, storico e giornalista britannico (1874-1965) Winston Churchill
51%
K pilota automobilistico finlandese (1979-) Kimi Räikkönen
49%
X rapper e cantante statiunitense (1998-2018) XXXTentacion
41%
F calciatore francese (1983-) Franck Ribéry
32%
L cantautrice, attrice e attivista statiunitense (1986-) Lady Gaga
27%
H attore australiano (1979-2008) Heath Ledger
22%
A attore, regista e produttore cinematografico francese (1935-) Alain Delon
21%
Y calciatore svizzero (1988-) Yann Sommer
21%
Nessun quiz corrispondente trovato
Distribuzione punteggi
Percentuale di utenti per punteggio
Percentile per numero di risposta
I tuoi punteggi nel tempo
Non hai fatto questo quiz